00518nam a2200169I1 4500008004100000100002100041245009200062250001200154260004400166300002600210650003600236650003200272700001700304003000100321005001700322040000900339  aEmmel, Victor M.00aLaboratory technique in biology and medicine.c[by] Victor M. Emmel [and] E. V. Cowdry. a4th ed. aBaltimore :bWilliams & Wilkins,c1964. axxxiv, 453 p.c24 cm. 2aMicroscopyxlaboratory manuals. 2aMedical Laboratory Science. aCowdry, E V.20230123122158.0 cNUST